Power politics (Record no. 78213)

MARC details
000 -LEADER
fixed length control field 01167cab a2200205 4500
001 - CONTROL NUMBER
control field ##L136258
008 - FIXED-LENGTH DATA ELEMENTS--GENERAL INFORMATION
fixed length control field 070122n2007 000 0 eng u
035 ## - SYSTEM CONTROL NUMBER
System control number (Sirsi) u136258
041 0# - LANGUAGE CODE
Language code of text/sound track or separate title eng
100 1# - MAIN ENTRY--PERSONAL NAME
Personal name Palmer, Jason
245 00 - TITLE STATEMENT
Title Power politics
260 ## - PUBLICATION, DISTRIBUTION, ETC.
Date of publication, distribution, etc. 2007
490 #0 - SERIES STATEMENT
Series statement Building Services Journal
Volume/sequential designation January 2007, 29-33(5)
520 ## - SUMMARY, ETC.
Summary, etc. Discusses why the Scottish Parliament building has failed to live up to its green credentials. Breaks down the engineer's strategy to reduce energy use, looking at the ventilation, cooling, heating and insulation measures. Suggests a key reason for Holyrood's high energy consumption since opening is the complex lighting strategy. Also suggests that mechanically ventilated parts of the complex are not making the most of variable speed pumps and fans, and that embodied energy in the building is high because of the large quantity of concrete used. Concludes that Holyrood only achieved a high BREEAM rating because it was assessed during the design stage.
590 ## - LOCAL NOTE (RLIN)
Local note KA
650 24 - SUBJECT ADDED ENTRY--TOPICAL TERM
Topical term or geographic name entry element HOLYROOD PROJECT
651 #4 - SUBJECT ADDED ENTRY--GEOGRAPHIC NAME
Geographic name United Kingdom
Chronological subdivision
690 ## - LOCAL SUBJECT ADDED ENTRY--TOPICAL TERM (OCLC, RLIN)
Topical term or geographic name as entry element BUILT ENVIRONMENT-SUSTAINABLE CONSTRUCTION
942 ## - ADDED ENTRY ELEMENTS (KOHA)
Suppress in OPAC 0
Holdings
Withdrawn status Lost status Source of classification or shelving scheme Damaged status Not for loan Home library Current library Shelving location Date acquired Total Checkouts Full call number Barcode Date last seen Copy number Price effective from Koha item type
    Dewey Decimal Classification     London London Journal article 22/01/2007   L136258 136258-1001 06/08/2019 1 06/08/2019 Journal article